| 000 | 00745nam a2200277Ia 4500 | ||
|---|---|---|---|
| 003 | OSt | ||
| 005 | 20220925223045.0 | ||
| 006 | a|||||r|||| 00| 0 | ||
| 007 | ta | ||
| 008 | 220923b |||||||| |||| 00| 0 eng d | ||
| 020 | _a0115198763 | ||
| 037 | _cGeneral Book | ||
| 040 |
_aRTL _cRTL _beng |
||
| 041 |
_2eng _aeng |
||
| 082 | _aX:3M24xM18:g, N8 | ||
| 100 | _aRees John | ||
| 245 | 0 |
_aAlgebra of revolution _b The dialectic and the class |
|
| 260 |
_aLondon _bRoutledge _c1998 |
||
| 300 |
_avi, 314p _ccm. |
||
| 490 | _aRevolutionary Studies | ||
| 650 | _a Classics | ||
| 650 | _a Karl Marx | ||
| 650 | _aEconomics | ||
| 942 |
_hX:3M24xM18:g, N8 _cGB _2CC |
||
| 999 |
_c578519 _d578519 |
||